00352nam a2200109Ia 4500008004100000041000800041082003100049100004300080245007300123260003700196300000900233230411s9999 xx 000 0 und d aeng aPS/610.7368/VAR/HAL/B07093 aVarcarolis Elizabeth & Halter Margaret aFoundations of Psychiatric Mental Health Nursing : Clinical approach bSaunders companyaSt Louisc2010 a842p